000 00482nam a2200133Ia 4500
005 20260209120154.0
008 260209s9999||||xx |||||||||||||| ||und||
100 _aVishwanath.B.K
245 3 _aAn overview of laws for protection of wildlife in India
260 _aBangaloreBangalore
_bNLSIU, Bangalore
_c2024 - 2025
300 _a33 p. ; 25 cm.
700 _aDr. Gayathi D. Naik - SupervisorDr. Gayathi D. Naik - Supervisor
856 _uhttps://dans.nls.ac.in/handle/123456789/2532
999 _c217821
_d217821